LEADER 00952nam0-22003251i-450- 001 990003861800403321 005 20080121104825.0 035 $a000386180 035 $aFED01000386180 035 $a(Aleph)000386180FED01 035 $a000386180 100 $a20030910d--------km-y0itay50------ba 101 0 $aita 102 $aIT 200 1 $aRural Revolution in France$eThe Peasantry in the Twentieth Century$fGordon Wright. 210 $aStanford (Cal.)$cStanford University Press$cLondon$cOxford University Press$d1964. 215 $axi, 271 p.$cill.$d22 cm 610 0 $aFrancia$aAgricoltura 610 0 $aFrancia$aStoria 676 $aE/5 676 $aF/1.421 676 $aH/1 700 1$aWright,$bGordon$f<1912-2000>$0146444 801 0$aIT$bUNINA$gRICA$2UNIMARC 901 $aBK 912 $a990003861800403321 952 $aF/1.421 WRI$b032344$fSES 959 $aSES 996 $aRural Revolution in France$9514496 997 $aUNINA LEADER 01039nam--2200361---450- 001 990001264180203316 005 20031118165317.0 035 $a000126418 035 $aUSA01000126418 035 $a(ALEPH)000126418USA01 035 $a000126418 100 $a20031118d1984----km-y0itay0103----ba 101 0 $aeng 102 $aUS 105 $aa|||||||001yy 200 1 $a<> introduction to the finite element method$fJ. N. Reddy 210 $aNew York$cMcGraw-Hill$dcopyr. 1984 215 $aXIII, 495 p.$cill.$d23 cm. 410 0$12001 454 1$12001 461 1$1001-------$12001 606 0 $aMetodo degli elementi finiti 676 $a620.001 5 700 1$aREDDY,$bJunuthula Naraisimha$0556974 801 0$aIT$bsalbc$gISBD 912 $a990001264180203316 951 $a620.001 5 RED$b20091 Ing.$cRED 959 $aBK 969 $aTEC 979 $aSIAV4$b10$c20031118$lUSA01$h1653 979 $aPATRY$b90$c20040406$lUSA01$h1730 996 $aIntroduction to the finite element method$9987264 997 $aUNISA